Súčasné výzvy retailového bankovníctva bakalárska práca

Salvato in:
Dettagli Bibliografici
Autore principale: Dolníková, Ľubica
Ente Autore: Národohospodárska fakulta EU. Katedra bankovníctva a medzinárodných financií
Altri autori: Hudcovský, Jaroslav
Natura: Libro
Lingua:slovacco
Pubblicazione: Bratislava 2015
Tags: Aggiungi Tag
Nessun Tag, puoi essere il primo ad aggiungerne!!

MARC

LEADER 00000nbm a2200000 4500
001 0205011
005 20161212094926.9
041 0 |a slo 
044 |a SK 
245 1 0 |a Súčasné výzvy retailového bankovníctva  |b bakalárska práca  |c Ľubica Dolníková ; školiteľ: Jaroslav Hudcovský 
264 1 |a Bratislava  |c 2015 
300 |a 48 s. 
100 1 |a Dolníková, Ľubica 
700 1 |a Hudcovský, Jaroslav 
710 2 |a Národohospodárska fakulta EU. Katedra bankovníctva a medzinárodných financií